000 00680nam a2200241Ia 4500
005 20260430150148.0
008 008 250103s9999 xx 000 0 eng d
037 _aTheses
040 _aCRL
040 _beng
040 _ceng
041 _2eng
041 _aeng
084 _qCRL
100 _aAeijaz Tanvir Au.; Singh Ujjwal Kumar Gu.
_91236643
245 0 _aAccountability in public private partnership: a study of select health care centres in Dlhi
260 _c2021
300 _a153p.
650 _aScience
700 _aUniversity of Delhi. Faculty of Social Science. Department of Political Science
_9523333
942 _cTH
999 _c1849103
_d1849103